000 01097cam a2200229 4500
001 WB3842-21
008 021112n2002 000 0 eng u
035 _a(Sirsi) u120421
245 _aFarmland prices stabilse
260 _c2002
490 _aRICS Press Release
_v(pr126) 13 November 2002 (2)
520 _aThe latest RICS rural land market survey reveals that farmland prices have stabilised following a sharp rise at the start of the year. The survey shows the price of land per hectare rose to £7 801 from £7 651 in the last quarter, although this is lower than the price achieved at the beginning of the year. Bare land prices have jumped by 9% over the year to stand at £6 303 per hectare, the highest figure since the first quarter of 2000. http://www.rics.org/ricscms/bin/show?class=PressRelease&template=/includes/showpr.html&id=833&faculty=RICS
590 _aWB
650 _aRICS SURVEYS
650 _aFARMLAND PRICES
650 _aLAND PRICES
650 _aRURAL LAND
650 _aPRICE RISES
650 _aFARMLAND VALUES
690 _aRURAL-MARKET
942 _n0
999 _c71549
_d71549